ბათუმის შოთა რუსთაველის სახელმწიფო უნივერსიტეტის ბიბლიოთეკა

Метод последовательных приближений. (ბიბ.ჩანაწერი № 38766)

000 -LEADER
fixed length control field 00627nam a2200217Ia 4500
001 - CONTROL NUMBER
control field 5110
003 - CONTROL NUMBER IDENTIFIER
control field GE_BSU
008 - FIXED-LENGTH DATA ELEMENTS--GENERAL INFORMATION
fixed length control field 181216s||||||||xx |||||||||||||| ||und||
040 ## - CATALOGING SOURCE
Transcribing agency GE_BSU
080 ## - UNIVERSAL DECIMAL CLASSIFICATION NUMBER
Universal Decimal Classification number 512
100 ## - MAIN ENTRY--PERSONAL NAME
Personal name Виленкин, Н.Я.
245 ## - TITLE STATEMENT
Title Метод последовательных приближений.
245 ## - TITLE STATEMENT
Statement of responsibility, etc. Ред. В.М. Гринберг.
250 ## - EDITION STATEMENT
Edition statement Изд. 2-Е, перер. и доп.
260 ## - PUBLICATION, DISTRIBUTION, ETC.
Place of publication, distribution, etc. Москва
260 ## - PUBLICATION, DISTRIBUTION, ETC.
Name of publisher, distributor, etc. Наука
260 ## - PUBLICATION, DISTRIBUTION, ETC.
Date of publication, distribution, etc. 1968
300 ## - PHYSICAL DESCRIPTION
Extent 107 с. 20 см.
653 ## - INDEX TERM--UNCONTROLLED
Uncontrolled term Метод последовательных приближений.
942 ## - ADDED ENTRY ELEMENTS (KOHA)
Koha item type წიგნი
ეგზემპლარები
Withdrawn status Lost status Damaged status Not for loan Date acquired Barcode Date last seen Price effective from Koha item type Public note
        2018-12-17 15978 2018-12-17 2018-12-17 წიგნი დარბაზი